00853nam a22002177a 4500003000900000008004100009020001800050040007100068082001700139100002300156245005500179260004300234300002600277440005200303505020800355650001300563650001200576650001500588650001600603650001600619AR-CdUCM190312b ||||| |||| 00| 0 spa d a968-6599-12-6 aMUNICIPALIDAD PROVINCIAL DEL CUSCOcBIBLIOTECA MUNICIPAL DEL CUSCO a122.7 /bM58 aMill, John Stuart  aConsideraciones sobre el Gobierno Representativo / aMéxico :bEdiciones Gernika ;c1991. a408 páginas ;c17cm aColección Clásicos Ciencia y Política n3 aContenido: Hasta que grado ñas formas de gobierno son material de elección -- Criterio que norma una forma conveniente de gobierno -- Que el gobierno representativo es el modelo del gobierno ideal... aGobierno aNormas  aElecciones aDemocracia  aParlamento